"Carmen" - All Lyrics (Lana Del Rey) (Including French Lyrics) - Statistics

General Stats
  • This quiz has been taken 20 times
  • The average score is 238 of 351
Answer Stats
Lyrics % Correct
a
100%
Carmen
100%
Carmen,
100%
doesn't
93%
have
93%
her
93%
she
93%
She
93%
the
93%
The
93%
all
86%
boys,
86%
but
86%
butterflies,
86%
diamond
86%
girl
86%
girls,
86%
gives
86%
go
86%
laughs
86%
like
86%
Like
86%
on
86%
on,
86%
problem
86%
shelf
86%
them
86%
they
86%
to
86%
be
79%
cause
79%
Darlin',
79%
darlin'
79%
darlin',
79%
God,
79%
herself
79%
how
79%
It's
79%
Lyin'
79%
Lyin',
79%
lyin'"
79%
me
79%
me,
79%
oh,
79%
Only
79%
she's
79%
so
79%
Street
79%
top
79%
walk
79%
age
71%
alarmin',
71%
don't
71%
Don't
71%
dyin',
71%
dyin'"
71%
get
71%
I'm
71%
says,
71%
seventeen
71%
still
71%
this
71%
up
71%
wanna
71%
way,
71%
"You
71%
you
71%
an
64%
and
64%
And
64%
at
64%
can
64%
charming
64%
early
64%
fun
64%
fun,
64%
having
64%
honestly,
64%
I've
64%
je
64%
Je
64%
liquor's
64%
mean
64%
morning
64%
night
64%
que
64%
sais
64%
see
64%
seen
64%
shinin'
64%
ta
64%
things
64%
walks
64%
amour,
57%
as
57%
de
57%
dumb
57%
everyone,
57%
Famous
57%
Fooling
57%
for
57%
know
57%
m'aimes
57%
mind's
57%
moi,
57%
moi
57%
Mon
57%
stayin'
57%
strangers
57%
streets
57%
tellin'
57%
toi
57%
tu
57%
Tu
57%
your
57%
you're
57%
again
50%
alive
50%
aussi
50%
Baby's
50%
besoin
50%
camera's
50%
dans
50%
dress
50%
dressed
50%
eyes
50%
free
50%
gettin'
50%
high
50%
kindness
50%
lightning,
50%
lightning
50%
lipstick
50%
now
50%
nowhere
50%
of
50%
Put
50%
put
50%
red
50%
story
50%
That's
50%
til
50%
tirin',
50%
tirin'"
50%
tuerais
50%
vie
50%
with
50%
bats
43%
by
43%
cartoon
43%
cherry
43%
cream,
43%
day
43%
disarmin'
43%
doin'
43%
Eatin'
43%
favors
43%
ice
43%
knots,
43%
little
43%
Lookin'
43%
mourrais
43%
ne
43%
party
43%
pour
43%
Relyin'
43%
sans
43%
Sing
43%
smilin',
43%
soft
43%
song,
43%
truly,
43%
Coney
36%
em
36%
Et
36%
Island
36%
peux
36%
queen
36%
star
36%
Tyin'
36%
vivre
36%
Audiotune
29%
lies,
29%
woah,
29%
White
21%
No matching quizzes found
Score Distribution
Percent of People with Each Score
Percentile by Number Answered
Your Score History
You have not taken this quiz